书目信息 |
| 题名: |
塑性动力学
|
|
| 作者: | 杨桂通 著 | |
| 分册: | ||
| 出版信息: | 北京 高等教育出版社 2000.08 |
|
| 页数: | 566页 | |
| 开本: | 20cm | |
| 丛书名: | ||
| 单 册: | ||
| 中图分类: | O347 | |
| 科图分类: | ||
| 主题词: | 固体力学 | |
| 电子资源: | ||
| ISBN: | 7-04-007653-5 | |
| 000 | 00532nam0 2200193 45 | |
| 001 | 0236715191 | |
| 005 | 2002061110115516 | |
| 010 | @a7-04-007653-5@dRMB 32.10 | |
| 100 | @a20020611d2000 km y0chiy0120 ea | |
| 101 | 0 | @achi |
| 102 | @aCN@b110000 | |
| 200 | 1 | @a塑性动力学@ASu Xing Dong Li Xue@f杨桂通著@Fyang gui tong zhu |
| 210 | @a北京@c高等教育出版社@d2000.08 | |
| 215 | @a566页@d20cm | |
| 606 | 0 | @a固体力学 |
| 690 | @aO347@v3 | |
| 701 | 0 | @a杨桂通@Ayang gui tong@4著 |
| 801 | 0 | @aCN@bPFT@c20020611 |
| 905 | @a安徽大学@dO347@eY180 | |
| 塑性动力学/杨桂通著.-北京:高等教育出版社,2000.08 |
| 566页;20cm |
| ISBN 7-04-007653-5:RMB 32.10 |
| ● |
| 相关链接 |
|
|
|
正题名:塑性动力学
索取号:O347/Y180
 
预约/预借
| 序号 | 登录号 | 条形码 | 馆藏地/架位号 | 状态 | 备注 |
| 1 | 361361 | 203613615 | 自科库401/401自科库 53排2列5层/ [索取号:O347/Y180] | 在馆 | |
| 2 | 361362 | 203613624 | 自科库401/401自科库 53排2列5层/ [索取号:O347/Y180] | 在馆 | |
| 3 | 361363 | 203613633 | 自科库401/401自科库 53排2列5层/ [索取号:O347/Y180] | 在馆 |